This believing world: (Record no. 22080)

MARC details
000 -LEADER
fixed length control field 00630nam a2200169Ia 4500
008 - FIXED-LENGTH DATA ELEMENTS--GENERAL INFORMATION
fixed length control field 081213s9999 xx 000 0 und d
050 ## - LIBRARY OF CONGRESS CALL NUMBER
Classification number BL80
Item number .B76 1926
082 ## - DEWEY DECIMAL CLASSIFICATION NUMBER
Classification number 290.01
Item number BRO
100 ## - MAIN ENTRY--PERSONAL NAME
Personal name Browne, Lewis.
245 ## - TITLE STATEMENT
Title This believing world:
Remainder of title a simple account of the great religions of mankind.
Statement of responsibility, etc Lewis Browne.
260 ## - PUBLICATION, DISTRIBUTION, ETC. (IMPRINT)
Date of publication, distribution, etc 1930
Place of publication, distribution, etc New York.
Name of publisher, distributor, etc Macmillan Company.
300 ## - PHYSICAL DESCRIPTION
Extent 347p.
Dimensions 21cm.
500 ## - GENERAL NOTE
General note Includes bibliography and index.
650 ## - SUBJECT ADDED ENTRY--TOPICAL TERM
Topical term or geographic name as entry element Religions.
942 ## - ADDED ENTRY ELEMENTS (KOHA)
Item type Book
Source of classification or shelving scheme Library of Congress Classification
Holdings
Withdrawn status Lost status Source of classification or shelving scheme Damaged status Not for loan Collection code Home library Current library Shelving location Date acquired Total Checkouts Full call number Barcode Date last borrowed Price effective from Koha item type
    Library of Congress Classification     Non-fiction Bishop Okullu Memorial Library (Limuru Campus) Bishop Okullu Memorial Library (Limuru Campus) General Circulation 15/12/2008 2 BL80 .B76 1926 014066 29/10/2018 15/12/2008 Book